|
|
|
|
| LEADER |
00000nab a2200000 i 4500 |
| 001 |
publ927 |
| 005 |
20190321121255.0 |
| 008 |
190321s2017 hu o 000 zxx d |
| 022 |
|
|
|a 2498-7174
|
| 040 |
|
|
|a BGE Publikációtár Repozitórium
|b hun
|
| 100 |
1 |
|
|a Szemlér Tamás
|
| 245 |
1 |
0 |
|a EU Budget
|b Remaining Prisoner of the Net Positions or on the Way towards Fiscal Federalism?
|c Szemlér Tamás
|h [elektronikus dokumentum]
|
| 260 |
|
|
|c 2017
|
| 300 |
|
|
|a 93-113
|
| 490 |
0 |
|
|a IMBUSINESS
|
| 650 |
|
4 |
|a közgazdaságtudományok
|
| 695 |
|
|
|a Európai Unió
|
| 695 |
|
|
|a EU-költségvetés
|
| 856 |
4 |
0 |
|u https://publikaciotar.uni-bge.hu/id/eprint/927/1/szemler.pdf
|z Dokumentum-elérés
|